UEFA Champions League runners up - Statistics

General Stats
  • This quiz has been taken 51 times
    4 since last reset
  • The average score is 61 of 70
Answer Stats
Year Answer % Correct
2005 A.C Milan
100%
1995 A.C Milan
100%
1993 A.C Milan
100%
1957 A.C Milan
100%
1996 Ajax
100%
1969 Ajax
100%
2006 Arsenal
100%
2004 AS Monaco
100%
2016 Atletico Madrid
100%
2014 Atletico Madrid
100%
1974 Atletico Madrid
100%
1994 Barcelona
100%
1986 Barcelona
100%
1960 Barcelona
100%
2002 Bayer Leverkusen
100%
2012 Bayern Munich
100%
2010 Bayern Munich
100%
1999 Bayern Munich
100%
1987 Bayern Munich
100%
1982 Bayern Munich
100%
1990 Benfica
100%
1988 Benfica
100%
1968 Benfica
100%
1964 Benfica
100%
1962 Benfica
100%
2024 Borussia Dortmund
100%
2013 Borussia Dortmund
100%
2008 Chelsea
100%
2023 Internazionale
100%
1972 Internazionale
100%
1967 Internazionale
100%
2017 Juventus
100%
2015 Juventus
100%
2003 Juventus
100%
1998 Juventus
100%
1997 Juventus
100%
1983 Juventus
100%
1973 Juventus
100%
2018 Liverpool
100%
2022 Liverpool F.C
100%
2007 Liverpool F.C
100%
1985 Liverpool F.C
100%
2021 Manchester City
100%
2011 Manchester United
100%
2009 Manchester United
100%
1991 Marseille
100%
2020 Paris Saint Germain
100%
1992 Sampdoria
100%
1989 Steaua Bucuresti
100%
2019 Tottenham Hotspur
100%
2001 Valencia
100%
2000 Valencia
100%
1970 Celtic
75%
1959 Eintracht Frankfurt
75%
1956 Fiorentina
75%
1980 Hamburger SV
75%
1984 AS Roma
50%
1978 Club Brugge
50%
2025 Internazionale
50%
1975 Leeds United
50%
1979 Malmo FF
50%
1965 Partizan
50%
1981 Real Madrid
50%
1963 Real Madrid
50%
1961 Real Madrid
50%
1958 Stade de Reims
50%
1955 Stade de Reims
50%
1976 AS Saint Etienne
25%
1977 Borussia Monchengladbach
25%
1971 Panathinaikos
25%
No matching quizzes found
Score Distribution
Percent of People with Each Score
Percentile by Number Answered
Your Score History
You have not taken this quiz since the last reset